Zonotopal Algebra, Graph Enumeration, and Partition Functions of Statistical Mechanics
Uloženo v:
| Další autoři: | |
|---|---|
| Médium: | Kniha |
| Jazyk: | angličtina |
| Témata: | |
| On-line přístup: | Zonotopal Algebra, Graph Enumeration, and Partition Functions of Statistical Mechanics |
| Tagy: |
Přidat tag
Žádné tagy, Buďte první, kdo vytvoří štítek k tomuto záznamu!
|
MARC
| LEADER | 00000nam a22000004a 4500 | ||
|---|---|---|---|
| 001 | vpro14618 | ||
| 005 | 20201223000000.0 | ||
| 008 | 190323s2019 ck # g## #001 0#eng#d | ||
| 020 | |||
| 022 | |||
| 040 | |a CO-BoINGC | ||
| 041 | 0 | |a eng | |
| 245 | 1 | 0 | |a Zonotopal Algebra, Graph Enumeration, and Partition Functions of Statistical Mechanics |
| 246 | |a ℓlgebra zonotopal, enumeracin̤ de grf̀icas y funciones de particin̤ de mecǹica estads̕tica | ||
| 264 | |a Bogot ̀(Colombia) : |b Revista VirtualPRO, |c 2019 | ||
| 520 | 3 | ||
| 650 | \ | \ | |a Termodinm̀ica |
| 650 | \ | \ | |a Fs̕ica y teora̕ |
| 650 | \ | \ | |a Thermodynamics |
| 650 | \ | \ | |a Physical and theoretical |
| 650 | \ | \ | |a Termodinm̀ica |
| 650 | \ | \ | |a Termodinm̀ica cls̀ica |
| 650 | \ | \ | |a Termodinm̀ica estads̕tica |
| 650 | \ | \ | |a Mecǹica estads̕tica |
| 650 | \ | \ | |a Thermodynamics |
| 650 | \ | \ | |a Classical thermodynamics |
| 650 | \ | \ | |a Statistical thermodynamics |
| 650 | \ | \ | |a Statistical mechanics |
| 700 | \ | \ | |a YouTube |
| 856 | |z Zonotopal Algebra, Graph Enumeration, and Partition Functions of Statistical Mechanics |u https://virtualpro.unach.elogim.com/biblioteca/algebra-zonotopal-enumeracion-de-graficas-y-funciones-de-particion-de-mecanica-estadistica | ||